000 00513nam a2200145 i 4500
001 25098
003 ES-MaACL
007 t|
008 021220s1946 sp ||||1| spa d
100 1 _aAragón, Jesús de.
_922176
245 1 0 _aTributos y contabilidad de comerciantes y empresas individuales con ejemplos y liquidaciones de los seguros sociales /
_cJesús de Aragón.
260 _aMadrid :
_bM. Aguilar,
_c1946 (
_fE. Sánchez Leal)
300 _a338 p. :
_bil. ;
_c25 cm.
852 _aES-MaACL
_jE-1731
_bR.22592
999 _c25098
_d25098